| 000 | 01353cam a2200373 i 4500 | ||
|---|---|---|---|
| 001 | 40964 | ||
| 003 | Mx-PuUPA | ||
| 005 | 20240410103819.0 | ||
| 008 | 140415s2014 nyu gr 001 0 eng d | ||
| 020 |
_a9780062291400 _qempastado |
||
| 040 |
_aMX-PuUPA _bspa _erda _cMx-PuUPA _dMx-PuUPA |
||
| 041 | 1 |
_aeng _hspa |
|
| 100 | 1 |
_aAllende, Isabel _d1942- _eautor _97381 |
|
| 240 | 1 | 3 |
_aEl Juejo de Ripper. _lInglés |
| 245 | 1 | 0 |
_aRipper : _ba novel / _cIsabel Allende ; translated from the spanish by Ollie Brock and Frank Wynne |
| 246 | 1 | 8 | _aRipper |
| 250 | _aFirst edition | ||
| 264 | 1 |
_aNew York, NY : _bHarperCollins Publishers, _c[2014] |
|
| 300 |
_a475 páginas ; _c24 cm. |
||
| 336 |
_atexto _2rdacontent _btxt |
||
| 337 |
_asin medio _2rdamedia _bn |
||
| 338 |
_avolumen _2rdacarrier _bnc |
||
| 650 | 4 |
_aAdolescenes _xNovelas, noticias, etc. |
|
| 650 | 4 |
_aJuegos por internet _xNovela, noticias, etc. |
|
| 650 | 4 |
_aAsesinos en serie _zCalifornia San Francisco _xNovelas, noticias, etc. |
|
| 700 | 1 |
_aBrock, Ollie, _etraductor |
|
| 700 | 1 |
_aWynne, Frank, _etraductor |
|
| 765 | 0 | 8 |
_aAllende, Isabel, 1942. _tEl juego de Ripper. _z9781101910535 |
| 942 |
_2ddc _cLI _h863.71 _iA43513 |
||
| 999 |
_c40964 _d40964 |
||